000 00829nam a2200205 a 4500
003 0
005 20250312112645.0
008 090710s19uu xx 00 eng d
050 _aPHS HQ 799.2.M35
_b.T153 2009
100 _aTamargo, Aleis Nathalia E.
245 _aEffect of electronic gadgets on the social skills of grade eleven students of Southville International School and Colleges /
_cAleis Nathalia E. Tamargo.
260 _aLas PiƱas City, Philippines :
_bSouthville International School and Colleges,
_c2009.
300 _a41 pages :
_billustrations ;
_c28 cm.
504 _aIncludes bibliographical references.
650 _aTechnology
_xSocial aspects.
650 _aSocial skills in adolescence.
650 _aElectronic devices
_xPsychological aspects.
650 _aInternet and teenagers.
942 _2lcc
_cPASS
999 _c98277
_d98277